Berühmte Frauen der Geschichte: Jeanne d'Arc - Statistiken

Allgemein
  • Dieses Quiz wurde 14 mal gespielt
  • Das Durchschnittsergebnis liegt bei 6 aus 15
Antwortstatistiken
Frage Antwort % Korrekt
Gegen wen kämpfte Jeanne d'Arc in diesem Krieg? England
83%
Welche Hinrichtungsmethode wurde bei Jeanne d'Arc angewandt? Scheiterhaufen
83%
In welchem Krieg kämpfte Jeanne d'Arc? Hundertjähriger Krieg
67%
Der französische Sieg in der Belagerung welcher Stadt, an der Jeanne d'Arc als Befehlshaberin beteiligt war, gilt als Wendepunkt in diesem Krieg? Orléans
67%
Trotz ihrer Hinrichtung stärkte Jeanne d'Arc die Kampfmoral den Franzosen, sodass sie etwas mehr als 20 Jahre nach ihrem Tod den Krieg gewinnen konnten. In welchem Jahr geschah dies? 1453
50%
In der Festung welcher Stadt wurde Jeanne d'Arc gefangen gehalten? Rouen
42%
Jeanne d'Arcs letzte Schlacht vor ihrer Gefangennahme war die...? Schlacht von Compiègne
33%
Welchen König begleitete Jeanne d'Arc zu dessen Königssalbung in Reims? Karl VII.
25%
Laut eigener Aussage erhielt Jeanne d'Arc den Befehl, Frankreich zu befreien, von dem Erzengel Michael und der Heiligen... Katharina
25%
An welchem Fluss liegt Domrémy, das Heimatdorf von Jeanne d'Arc? Maas
25%
Ein Hauptmann von Jeanne d'Arc, der später versuchte, sie aus ihrem Gefängnis zu befreien, war Étienne de Vignolles, auch bekannt als "La Hire". Was bedeutet sein Spitzname? Wut
25%
Während dieser Belagerung wurde an einem Tag aufgrund von dessen religiöser Bedeutung nicht gekämpft. Welcher Tag war es? Christi Himmelfahrt
17%
Von welchem Papst wurde Jeanne d'Arc 1920 zur Heiligen erklärt? Benedikt XV.
8%
Wer nahm Jeanne d'Arc gefangen und lieferte sie den Burgundern aus? Johann II. von Luxemburg
8%
Im Zusammenhang mit dieser Belagerung steht die Schlacht der... Heringe
0%
Keine übereinstimmenden Quizze gefunden
Verteilung der Resultate
Anzahl Personen mit jedem Resultat
Perzentil nach korrekt beantworteten Fragen
Ihre Resultats-Entwicklung
Sie haben dieses Quiz noch nicht gespielt